书目信息 |
| 题名: |
公安基础知识强化训练题库
|
|
| 作者: | 黄娜 主编 | |
| 分册: | ||
| 出版信息: | 北京 中国人事出版社 2003.05 |
|
| 页数: | 403页 | |
| 开本: | 20cm | |
| 丛书名: | ||
| 单 册: | ||
| 中图分类: | D035.3 | |
| 科图分类: | ||
| 主题词: | 国家理论 , 国家理论 | |
| 电子资源: | ||
| ISBN: | 7-80189-001-9 | |
| 000 | 00596nam0 2200205 450 | |
| 001 | 0538293353 | |
| 005 | 20050614094144.98 | |
| 010 | @a7-80189-001-9@dCNY 32.00 | |
| 100 | @a20050518d2003 km y0chiy0120 ea | |
| 101 | 0 | @achi |
| 102 | @aCN@b110000 | |
| 200 | 1 | @a公安基础知识强化训练题库@Agong an ji chu zhi shi qiang hua xun lian ti ku@f黄娜主编@Fhuang na zhu bian |
| 210 | @a北京@c中国人事出版社@d2003.05 | |
| 215 | @a403页@d20cm | |
| 606 | 0 | @a国家理论 |
| 606 | 0 | @a国家理论 |
| 690 | @aD035.3@v4 | |
| 701 | 0 | @a黄娜@Ahuang na@4主编 |
| 801 | 0 | @aCN@bPFT@c20050614 |
| 905 | @a10447@dD035.3@eH860 | |
| 公安基础知识强化训练题库/黄娜主编.-北京:中国人事出版社,2003.05 |
| 403页;20cm |
| ISBN 7-80189-001-9:CNY 32.00 |
| ● |
| 相关链接 |
|
|
|
正题名:公安基础知识强化训练题库
索取号:D035.3/H860
 
预约/预借
| 序号 | 登录号 | 条形码 | 馆藏地/架位号 | 状态 | 备注 |
| 1 | 533021 | 205330211 | 社科库509/509社科库 68排1列4层/ [索取号:D035.3/H860] | 在馆 | |
| 2 | 533022 | 205330220 | 社科库509/422社科库 42排1列2层/ [索取号:D035.3/H860] | 在馆 | |
| 3 | 533023 | 205330239 | 社科库509/422社科库 42排1列2层/ [索取号:D035.3/H860] | 在馆 | |
| 4 | 533024 | 205330248 | 社科库509/422社科库 42排1列2层/ [索取号:D035.3/H860] | 在馆 | |
| 5 | 533025 | 205330257 | 社科库509/509社科库 68排1列4层/ [索取号:D035.3/H860] | 在馆 |